Reglamento de la Residencia Provincial de Niños de Zamora
Descripción Física:
59 p., 1 f. solt ; 21 cm
MARC
| LEADER | 00000nam a2200000Ia 4500 | ||
|---|---|---|---|
| 001 | 21468 | ||
| 008 | 160829s1939 xx 000 0 cat d | ||
| 080 | |a S-1-284 | ||
| 100 | |a Residencia Provincial de Niños de Zamora |9 47996 | ||
| 245 | |a Reglamento de la Residencia Provincial de Niños de Zamora | ||
| 260 | |a Zamora : |b Tipografía Provincial, |c 1939 | ||
| 300 | |a 59 p., 1 f. solt ; |c 21 cm | ||
| 590 | |a Prové de J-1620 | ||
| 650 | |a Residencia Provincial de Niños de Zamora |x Reglaments i procediment |9 47997 | ||
| 901 | |a Arxiu | ||
| 942 | |n 1 | ||
| 952 | |0 0 |1 0 |4 0 |6 S1284 |7 1 |9 54265 |a Arxiu |b Arxiu |d 2016-12-01 |l 0 |o S-1-284 |p 21468 |r 2016-12-01 00:00:00 |w 2016-12-01 |y ARXIU | ||
| 999 | |c 58134 |d 58134 | ||